Independencia (Record no. 5167)

MARC details
000 -CABECERA
campo de control de longitud fija 02606nam a22002537a 4500
008 - DATOS DE LONGITUD FIJA--INFORMACIÓN GENERAL
campo de control de longitud fija 251111b |||||||| |||| 00| 0 eng d
020 ## - NÚMERO INTERNACIONAL ESTÁNDAR DEL LIBRO
Número Internacional Estándar del Libro 9788490669297
040 ## - FUENTE DE LA CATALOGACIÓN
Centro/agencia transcriptor TBS
041 ## - CÓDIGO DE LENGUA
Código de lengua del texto/banda sonora o título independiente spa
050 ## - SIGNATURA TOPOGRÁFICA DE LA BIBLIOTECA DEL CONGRESO
Número de clasificación PQ6653.E62
Número de documento/Ítem I54 2021
100 ## - ENTRADA PRINCIPAL--NOMBRE DE PERSONA
Nombre de persona Cercas, Javier
Fechas asociadas al nombre 1962-
9 (RLIN) 25458
Término indicativo de función/relación author
245 ## - MENCIÓN DE TÍTULO
Título Independencia
Mención de responsabilidad, etc. / Javier Cercas.
260 ## - PUBLICACIÓN, DISTRIBUCIÓN, ETC.
Lugar de publicación, distribución, etc. Barcelona :
Nombre del editor, distribuidor, etc. Tusquets Editores,
Fecha de publicación, distribución, etc. 2021.
300 ## - DESCRIPCIÓN FÍSICA
Extensión 395 pages ;
Dimensiones 23 cm.
490 ## - MENCIÓN DE SERIE
Mención de serie Terra alta ;
Designación de volumen o secuencia bk. 2
520 ## - SUMARIO, ETC.
Sumario, etc. ¿Cómo enfrentarse a quienes manejan el poder en las sombras? ¿Cómo vengarse de quienes más daño te han hecho? Vuelve Melchor Marín. Y a Barcelona, donde es reclamado para investigar un caso vidrioso: están chantajeando con un vídeo sexual a la alcaldesa de la ciudad. Cargado con su pesar por no haber encontrado a los asesinos de su madre, pero también con su inflexible sentido de la justicia y su rocosa integridad moral, Melchor debe desmontar una extorsión que no se sabe si persigue el simple beneficio económico o la desestabilización política, y, para hacerlo, se adentra en los círculos del poder, un lugar donde reinan el cinismo, la ambición sin escrúpulos y la brutalidad corrupta. Por ahí, esta novela absorbente y salvaje, poblada de una pléyade de personajes memorables, se convierte en un retrato demoledor de la élite político-económica barcelonesa, pero sobre todo en un furioso alegato contra la tiranía de los dueños del dinero y los amos del mundo
520 ## - SUMARIO, ETC.
Sumario, etc. How do you confront those who wield power from the shadows? How do you take revenge on those who have hurt you the most?<br/><br/>Melchor Marín returns—and to Barcelona, where he is called in to investigate a delicate case: the city’s mayor is being blackmailed with a sex video. Burdened by the pain of never having found his mother’s killers, yet driven by his unyielding sense of justice and rock-solid moral integrity, Melchor must unravel an extortion scheme whose motives are unclear—whether it’s simple financial gain or a plot to create political chaos.<br/><br/>As he ventures into the inner circles of power—a realm ruled by cynicism, ruthless ambition, and corrupt brutality—this gripping, ferocious novel unfolds as both a devastating portrait of Barcelona’s political and economic elite and a furious denunciation of the tyranny of money and the masters of the world.
650 #0 - PUNTO DE ACCESO ADICIONAL DE MATERIA--TÉRMINO DE MATERIA
Término de materia o nombre geográfico como elemento de entrada Extortion investigation
9 (RLIN) 26464
650 #0 - PUNTO DE ACCESO ADICIONAL DE MATERIA--TÉRMINO DE MATERIA
Término de materia o nombre geográfico como elemento de entrada Police
Subdivisión geográfica Spain
-- Barcelona
9 (RLIN) 26465
650 #0 - PUNTO DE ACCESO ADICIONAL DE MATERIA--TÉRMINO DE MATERIA
Término de materia o nombre geográfico como elemento de entrada Political corruption
9 (RLIN) 7918
651 #0 - PUNTO DE ACCESO ADICIONAL DE MATERIA--NOMBRE GEOGRÁFICO
Nombre geográfico Barcelona (Spain)
9 (RLIN) 22511
655 #0 - TÉRMINO DE INDIZACIÓN--GÉNERO/FORMA
Datos o término principal de género/forma Detective and mystery fiction
9 (RLIN) 23664
942 ## - ELEMENTOS DE ENTRADA AGREGADA (KOHA)
Fuente del sistema de clasificación o colocación Clasificación de Library of Congress
Holdings
Estado de retiro Estado de pérdida Fuente del sistema de clasificación o colocación Estado dañado No para préstamo Biblioteca de origen Biblioteca actual Fecha de adquisición Total de préstamos Signatura topográfica completa Código de barras Fecha visto por última vez Número de copia Precio válido a partir de Tipo de ítem Koha
    Clasificación de Library of Congress     TBS Barcelona TBS Barcelona 11/11/2025   P-SP CER B05659 11/11/2025 1 11/11/2025 Book

Powered by Koha